00270nam a2200097Ia 4500003000400000008004100004100002100045245004700066260004700113300001200160OSt201106b ||||| |||| 00| 0 eng d aZURADA, jacek M. aIntroduction to Artificial Neural systems  a N. Delhi bJaico Publication Housec 2006 a683+76.